Pojištění kybernetických rizik

Kybernetické riziká - skutočná hrozba pre spoločnosť aj hospodárstvo. Kybernetické poistenie ako jeden zo spôsobov prenosu rizika spojeného so vznikom finančných nákladov spôsobených kybernetickým útokom a zároveň asistencia postihnutým. Internetové poistenie - poistenie fyzických osôb. Poistenie ky...

Descrizione completa

Salvato in:
Dettagli Bibliografici
Autore principale: Dobiáš, Petr
Natura: Capitolo di libro
Lingua:ceco
Soggetti:
Tags: Aggiungi Tag
Nessun Tag, puoi essere il primo ad aggiungerne!!

MARC

LEADER 00000nla a2200000 4500
001 0247478
005 20240417075144.9
041 0 |a cze 
044 |a CZ 
245 1 0 |a Pojištění kybernetických rizik  |c Petr Dobiáš 
520 |a Kybernetické riziká - skutočná hrozba pre spoločnosť aj hospodárstvo. Kybernetické poistenie ako jeden zo spôsobov prenosu rizika spojeného so vznikom finančných nákladov spôsobených kybernetickým útokom a zároveň asistencia postihnutým. Internetové poistenie - poistenie fyzických osôb. Poistenie kybernetických rizík - poistenie právnických osôb. Poistné krytie v ČR a v Spojenom kráľovstve. 
610 2 0 |a poisťovníctvo 
610 2 0 |a poisťovne 
610 2 0 |a poistenie neživotné 
610 2 0 |a útoky kybernetické 
610 2 0 |a Česko 
610 2 0 |a Spojené kráľovstvo 
100 1 |a Dobiáš, Petr